000 00289nam a2200109Ia 4500
008 220204s9999 xx 000 0 und d
082 _a741.5
_bABU
100 _aAbu Abraham
245 0 _aGames of emergency: A collection of cartoons and articles
260 _aNew Delhi
_bVikas
942 _cBK
999 _c31330
_d31330